Sports Quiz

Random Sports or Football Quiz
Score 0/40 Timer 06:00
1 Play Today
% Correct
Julio Jones
98.3%
Steve Smith
95.8%
Roddy White
87.5%
Mike Evans
86.3%
Michael Thomas
80.4%
Marques Colston
79%
Greg Olsen
77.6%
Jimmy Graham
73.3%
Keyshawn Johnson
69.3%
Muhsin Muhammad
67.6%
Tony Gonzalez
67%
Vincent Jackson
65.9%
Mike Williams
65.8%
Joe Horn
64.8%
Lance Moore
49.5%
Kelvin Benjamin
47.7%
Andre Rison
42.8%
Devin Funchess
34.1%
Ted Ginn
33.7%
Joey Galloway
33%
% Correct
Devery Henderson
32.6%
Alge Crumpler
31.8%
Terance Mathis
28.3%
Eric Martin
27.7%
Wesley Walls
20.2%
Mark Carrier
19.7%
Mark Carrier
19.7%
Alfred Jenkins
18.5%
James Wilder
15.6%
Gerald Carter
13%
Brandon LaFell
9.2%
Jimmie Giles
9%
Michael Haynes
8.7%
Kevin House
7.9%
Danny Abramowicz
7.3%
Jim Mitchell
7.2%
Hoby Brenner
5%
Donald Hayes
4.9%
Quinn Early
4.6%
Wallace Francis
3.9%
Remove Ads.
Support Sporcle.
Get the best of Sporcle when you Go Orange. This ad-free experience offers more features, more stats, and more fun while also helping to support Sporcle. Thank you for becoming a member.

You're not logged in!

Compare scores with friends on all Sporcle quizzes.
OR
Log In

Show Comments

Extras

Top Quizzes Today


Score Distribution

Your Account Isn't Verified!

In order to create a playlist on Sporcle, you need to verify the email address you used during registration. Go to your Sporcle Settings to finish the process.

Report this User

Report this user for behavior that violates our Community Guidelines.

Details: